000 01019nab a22002897a 4500
003 BR-BrBNA
005 20240229095344.0
008 240229b bl.||||| |||| 00| 0 por d
040 _aBR-BrBNA
_bpor
072 _aF01 ; F02 ; H01
_b1190 ; 9135 ; 9921 ; 9926
100 _aRichter, Neide Terezinha
100 _aPinheiro, Jewel (cons.)
245 _aJabuticabeira, planta nativa
500 _a6 ref.; 3 illus.
650 _aJABUTICABA
650 _aFRUTA TROPICAL
650 _aARBUSTO
650 _aPRÁTICA CULTURAL
650 _aCONTROLE QUÍMICO
650 _aFRUTIFICAÇÃO
650 _aVINHO
650 _aGELÉIA
650 _aLICOR
773 0 _01330
_9275252
_dCampinas-SP Coordenadoria de Assistência Técnica Integral - CATI - Centro de Comunicação Rural e Treinamento - CECORT 1979. Data final de publicação em 1990
_o2023-437058
_tCasa da Agricultura (Brazil)
_x0100-6541
_gv. 2(6) p. 4-9 (Nov-Dec 1980)
_wBR2024000173
942 _cAnalítica
999 _c298631
_d298631